| 000 | 00479nam a22001937a 4500 | ||
|---|---|---|---|
| 003 | MPLRDC | ||
| 005 | 20220104125131.0 | ||
| 008 | 210129b ||||| |||| 00| 0 eng d | ||
| 020 | _a957-529-300-2 | ||
| 082 | _a411.3 DAV-2 | ||
| 100 | _aADELLE DAVIS | ||
| 245 |
_a营养与保健 _c许志荣译 |
||
| 250 | _a初版二刷 | ||
| 260 |
_a _b世茂出版社 _c1993 |
||
| 300 | _b平 | ||
| 490 | _a营养与健康. 2 | ||
| 650 | _a营养与食品 | ||
| 942 |
_cBK _o411.3 DAV-2 |
||
| 999 |
_c24923 _d24913 |
||